Sluch, reč a vývin dieťaťa

Bibliographic Details
Main Author: Gaži, Michal, 1925-2004 (Author)
Format: Article
Language:Slovak

MARC

LEADER 00000nab a2200000uu 4500
001 vtls011437752
003 SK-MaSNL
005 20260303145629.0
008 230222| xo |||||||||||||||||slo|
015 |a SNBRB 
035 |a (urnnbn)urn:nbn:sk:snk:ar-002lb5 
035 |a (uuid)a7ff00fd-8231-446d-9d9b-ef1788669a74 
035 |a urn:nbn:sk:snk-abccu7 
040 |a SNKBUCL  |b slo  |c SNKBUCL  |e AACR2 
041 0 |a slo 
044 |a xo  |c SK 
100 1 |a Gaži, Michal,  |d 1925-2004  |4 aut  |9 213356 
245 1 0 |a Sluch, reč a vývin dieťaťa  |c Michal Gaži 
773 0 |t Predškolská výchova : pedagogický časopis pre učiteľky materských škôl  |g Roč. 26, č. 12 (1971-1972), s. 332-334 
954 |a odborná, vedecká literatúra pôvodná (slovenská)  |2 lita 
958 |a OND 
958 |a EUIPO 
958 |a article16 
999 |c 2004205  |d 2006135